wszyscy wygrani premier league - Statystyki

Ogólne statystyki
  • Ten quiz został rozwiązany 78 razy
  • Średni wynik to 88 z 125
Statystyki odpowiedzi
Hint Odpowiedź % Poprawnych
1901 | 1906 | 1922 | +16 others liverpool
100%
1968 | 2012 | 2014 | +6 others manchester city
100%
1908 | 1911 | 1952 | +16 others manchester united
100%
1931 | 1933 | 1934 | +10 others arsenal
94%
1955 | 2005 | 2006 | +3 others chelsea
94%
2016 leicester city
74%
1894 | 1896 | 1897 | +4 others aston villa
69%
1891 | 1915 | 1928 | +6 others everton
65%
1951 | 1961 tottenham
65%
1905 | 1907 | 1909 | 1927 newcastle
60%
1892 | 1893 | 1895 | +3 others sunderland
45%
1921 | 1960 burnley
37%
1969 | 1974 | 1992 leeds united
37%
1898 sheffield united
35%
1912 | 1914 | 1995 blackburn rovers
32%
1954 | 1958 | 1959 wolves
25%
1962 ipswich town
20%
1903 | 1904 | 1929 | 1930 sheffield wednesday
17%
1975 derby county
15%
1949 | 1950 portsmouth
14%
1889 | 1890 preston north end
11%
1920 west bromwich
9%
1978 forest
8%
1924 | 1925 | 1926 huddersfield town
5%
1937 machester city
3%
1972 derby couty
2%
1997 manchestr united
2%
Nie znaleziono quizów pasujących do podanych kryteriów
Rozkład punktacji
Procent ludzi z każdym wynikiem
Percentyl według liczby udzielonych odpowiedzi
Twoja historia wyników
Nie rozwiązałeś tego quizu